00144 a2200073 450000100060000010000140000624500320002026000180005220444 abartee, T adigital Computer Foundation abBartee, Tc